Normal view
MARC view
- UNDERGROUND PLASTIC PIPE CONGRESSES. PLASTIC PIPE TECHNOLOGY
Entry Topical Term
001 - CONTROL NUMBER
- control field: 62221
003 - CONTROL NUMBER IDENTIFIER
- control field: NUST
005 - DATE AND TIME OF LATEST TRANSACTION
- control field: 20210628202910.0
008 - FIXED-LENGTH DATA ELEMENTS
- fixed length control field: 210628|| aca||aabn | a|a d
040 ## - CATALOGING SOURCE
- Original cataloging agency: NUST
- Transcribing agency: NUST
150 ## - HEADING--TOPICAL TERM
- Topical term or geographic name entry element: UNDERGROUND PLASTIC PIPE CONGRESSES. PLASTIC PIPE TECHNOLOGY
670 ## - SOURCE DATA FOUND
- Source citation: Work cat.: (NUST): Eckstein, Dave 62220, Buried plastic pipe technology, 2nd volume, 1994
